Gang of Youths Songs - Statistics

General Stats
  • This quiz has been taken 36 times
  • The average score is 26 of 44
Answer Stats
Album Song % Correct
Go Farther in Lightness Achilles Come Down
95%
Go Farther in Lightness Let Me Down Easy
90%
The Positions Magnolia
90%
angel in realtime. the angel of 8th ave.
90%
Go Farther in Lightness The Heart Is a Muscle
80%
Go Farther in Lightness Atlas Drowned
75%
angel in realtime. in the wake of your leave
75%
Go Farther in Lightness Do Not Let Your Spirit Wane
70%
Go Farther in Lightness Fear and Trembling
70%
angel in realtime. tend the garden
70%
Go Farther in Lightness The Deepest Sighs, the Frankest Shadows
70%
Go Farther in Lightness What Can I Do If the Fire Goes Out
70%
angel in realtime. brothers
65%
Go Farther in Lightness Go Farther in Lightness
65%
angel in realtime. hand of god
65%
Go Farther in Lightness Say Yes to Life
65%
angel in realtime. spirit boy
65%
angel in realtime. the man himself
65%
angel in realtime. unison
65%
Singles Evangelists
60%
angel in realtime. forbearance
60%
angel in realtime. goal of the century
60%
Go Farther in Lightness Persevere
60%
The Positions Sjamboksa
60%
The Positions Kansas
55%
Go Farther in Lightness Keep Me in the Open
55%
angel in realtime. returner
55%
angel in realtime. you in everything
55%
Go Farther in Lightness Our Time Is Short
50%
The Positions Poison Drum
50%
The Positions Radioface
50%
Let Me Be Clear (EP) Strange Diseases
50%
angel in realtime. the kingdom is within you
50%
The Positions Knuckles White Dry
45%
The Positions The Overpass
45%
The Positions Vital Signs
45%
Singles Benevolence Riots
40%
Let Me Be Clear (EP) Still Unbeaten Life
40%
The Positions The Diving Bell
40%
Let Me Be Clear (EP) Native Tongue
35%
The Positions Restraint & Release
35%
Let Me Be Clear (EP) The Good Fight
35%
Let Me Be Clear (EP) A Sudden Light
30%
Singles Riverlands
25%
No matching quizzes found
Score Distribution
Percent of People with Each Score
Percentile by Number Answered
Your Score History
You have not taken this quiz